Mobile Legends: V.E.N.O.M. Squad - Statistics

General Stats
  • This quiz has been taken 198 times
  • The average score is 3 of 5
Answer Stats
Characters Skins % Correct
Harley Octopus
75%
Angela Vespid
68%
Grock Monitor Lizard
57%
Gusion Emperor Scorpion
47%
Hanabi Nephila
40%
No matching quizzes found
Score Distribution
Percent of People with Each Score
Percentile by Number Answered
Your Score History
You have not taken this quiz